| 000 | 01615cam a2200445 i 4500 | ||
|---|---|---|---|
| 001 | 3284 | ||
| 005 | 20240223112510.0 | ||
| 020 | _a9780064440202 | ||
| 040 |
_aYDX _beng _cYDX _erda _erda _dOCLCQ _dJFL _dOQX _dOCLCF _dOCLCQ _dOCLCO _dZGR _dIUL _dFLM _dUTW _dCNWPU _dWAN _dFBP _dVVW _dOCLCO _dDLC |
||
| 050 | 0 | 0 | _aPZ7.L7795 |
| 082 | 0 | 4 | _a813.54 |
| 100 | 1 |
_aLobel, Arnold _eauthor _eillustrator |
|
| 245 | 1 | 0 |
_aFrog and Toad are friends / _cby Lobel, Arnold |
| 260 |
_aNew York : _bHarperCollinsPublishers , _c1970 |
||
| 300 |
_a64 pages : _bcolor illustrations ; _c24 cm. |
||
| 490 | _aAn I can read book | ||
| 505 | _aJ | ||
| 520 | _aFrog and Toad spend their days together, but find sometimes it's nice to be alone. | ||
| 521 |
_a490
_bLexile |
||
| 521 |
_aJ
_bRaz-Plus |
||
| 650 | 0 |
_aFrogs _vJuvenile fiction |
|
| 650 | 0 |
_aToads _vJuvenile fiction |
|
| 650 | 0 |
_aFriendship _vJuvenile fiction |
|
| 650 | 1 |
_aFrogs _vFiction |
|
| 650 | 1 |
_aToads _vFiction |
|
| 650 | 1 |
_aFriendship _vFiction |
|
| 650 | 1 |
_aAnimal fiction _2lcgft |
|
| 650 | 7 |
_aFriendship _2fast _0(OCoLC)fst00935174 |
|
| 650 | 7 |
_aFrogs _2fast _0(OCoLC)fst00935308 |
|
| 650 | 7 |
_aToads _2fast _0(OCoLC)fst01151755 |
|
| 655 | 0 | _aPicture books for children. | |
| 655 | 7 |
_aPicture books. _2lcgft |
|
| 655 | 7 |
_aReaders (Publications) _2lcgft |
|
| 655 | 7 |
_aFiction _2fast _0(OCoLC)fst01423787 |
|
| 655 | 7 |
_aJuvenile works _2fast _0(OCoLC)fst01411637 |
|
| 655 | 7 |
_aPicture books _2fast _0(OCoLC)fst01726789 |
|
| 655 | 7 |
_aReaders (Publications) _2fast _0(OCoLC)fst01919959 |
|
| 906 |
_a7 _bcbc _ccopycat _d2 _encip _f20 _gy-gencatlg |
||
| 942 |
_2ddc _cBK _n0 |
||
| 999 |
_c3284 _d3284 |
||